Казка про трьох ведмедиків (Запис № 580625)

МАРК-запис
000 -Лідер
fixed length control field 00884 a2200229 4500
003 - Ідентифікатор контрольного номера
control field UA-OsUOA
005 - Дата та час останнього входження (трансакції)
control field 20260430120539.0
008 - Елементи даних фіксованої довжини – загальна інформація
fixed length control field 260430b un ||||| |||| 00| 0 ukr d
040 ## - Джерело каталогізації
Агенція оригінальної каталогізації UA-OsUOA
Мова каталогізації ukr
Агенція, яка здійснювала перезапис UA-OsUOA
Агенція, яка здійснювала модифікацію UA-OsUOA
041 ## - Код мови
Код мови тексту/ звукової доріжки чи окремого заголовка (П) ukr
080 ## - Індекс Універсальної десяткової класифікації
Індекс Універсальної десяткової класифікації (УДК) (НП) 82-34
090 ## - Локальний шифр розміщення
Класифікаційний індекс УДК 82-34
Авторський знак (НП) Н28
100 ## - Основне введення – ім’я особи
Ім’я особи (НП) Наріжна І.
9 (RLIN) 25142
245 ## - Відомості про назву
Назва (НП) Казка про трьох ведмедиків
Дані про відповідальність (НП) Ірина Наріжна
260 ## - Публікація, розповсюдження і т.п. (Вихідні дані)
Ім’я/ наймення видавництва, розповсюджувача і т.п. (П) Видання Українського Народного Союзу
Дата публікації, розповсюдження і т.п. (П) 1963
Місце публікації, розповсюдження і т.п. (П) Джерзі Ситі ;
-- Ню Йорк
300 ## - Фізичний опис
Обсяг 15 с.
490 ## - Область серії
Назва серії Бібліотека "Веселки"
Позначення і номер тому / порядкове позначення випуск ч. 5
650 ## - Додаткове предметне введення – тематичний термін
Джерело заголовка чи терміна UDC
Тематичний термін чи географічна назва, як елемент введення (НП) 82 Література. Літературознавство
9 (RLIN) 15
942 ## - Додаткові елементи входу (Коха)
Тип елемента Koha Брошура
Source of classification or shelving scheme Universal Decimal Classification
955 ## - Код типу видання за змістом
Код типу видання за змістом (НП) Літературно-художні видання
Фонди
Стан вилучень Стан втрат Джерело класифікації або схеми стелажів Стан уражень Не для кредиту Код колекції Постійне місце розташування Поточне розміщення Дата придбання Джерело придбання Вартість, звичайна ціна покупки Інвентарний номер Усього замовленно Повний номер виклику Штрих-код Дата останнього перегляду Вартість, ціна заміни Ціна ефективна від Тип елемента Koha Примітка, призначена для загального доступу
    Universal Decimal Classification     Колекція др. Константина Бризгуна (Оксани і Ярослава Соколиків) Наукова бібліотека ІДУД Наукова бібліотека ІДУД 30/04/2026 №12/29.04.2026 (ІДУД) 1.00 300849   82-34 Н28 300849 30/04/2026 1.00 30/04/2026 Брошура Отримано в дар від Оксани Бризгун-Соколик